[Event "DEM U12 2023"]
[Site "Willingen GER"]
[Date "2023.05.30"]
[Round "4"]
[White "Mandalka, Justus"]
[Black "Shevchenko, Igor"]
[Result "1-0"]
[Termination "normal"]
[Board "12"]
[WhiteElo "1560"]
[BlackElo "1432"]
[WhiteClock "00:28:44"]
[BlackClock "00:14:07"]
[PlyCount "43"]
[WhiteFideId "16298144"]
[BlackFideId "34634924"]
[EventCountry "GER"]
[EventRounds "9"]
[EventType "swiss"]
[EventDate "2023.05.27"]

1. e4 {[%clk 01:30:58]} {[%emt 00:00:01]} c6 {[%clk 01:30:57]} {[%emt
00:00:03]} 2. Nf3 {[%clk 01:31:20]} {[%emt 00:00:07]} d5 {[%clk 01:31:11]}
{[%emt 00:00:16]} 3. Nc3 {[%clk 01:31:47]} {[%emt 00:00:04]} dxe4 {[%clk
01:31:25]} {[%emt 00:00:17]} 4. Nxe4 {[%clk 01:32:12]} {[%emt 00:00:05]} Nf6
{[%clk 01:31:39]} {[%emt 00:00:16]} 5. Qe2 {[%clk 01:32:38]} {[%emt 00:00:03]}
Nxe4 {[%clk 01:24:17]} {[%emt 00:07:52]} 6. Qxe4 {[%clk 01:32:52]} {[%emt
00:00:17]} Nd7 {[%clk 01:23:47]} {[%emt 00:00:59]} 7. Bc4 {[%clk 01:31:27]}
{[%emt 00:01:55]} Nf6 {[%clk 01:22:49]} {[%emt 00:01:28]} 8. Ne5 {[%clk
01:30:32]} {[%emt 00:01:25]} e6 {[%clk 01:21:43]} {[%emt 00:01:36]} 9. Qe2
{[%clk 01:30:30]} {[%emt 00:00:33]} Bd6 {[%clk 01:15:14]} {[%emt 00:06:58]} 10.
f4 {[%clk 01:26:42]} {[%emt 00:04:18]} O-O {[%clk 01:11:23]} {[%emt 00:04:21]}
11. O-O {[%clk 01:26:50]} {[%emt 00:00:22]} b5 {[%clk 00:58:12]} {[%emt
00:13:41]} 12. Bb3 {[%clk 01:26:43]} {[%emt 00:00:35]} Qb6+ {[%clk 00:56:46]}
{[%emt 00:01:56]} 13. Kh1 {[%clk 01:27:01]} {[%emt 00:00:13]} c5 {[%clk
00:49:35]} {[%emt 00:07:42]} 14. d3 {[%clk 01:22:14]} {[%emt 00:05:17]} a5
{[%clk 00:37:16]} {[%emt 00:12:50]} 15. a4 {[%clk 01:15:56]} {[%emt 00:06:47]}
b4 {[%clk 00:35:36]} {[%emt 00:02:10]} 16. Bd2 {[%clk 01:02:17]} {[%emt
00:14:08]} Re8 {[%clk 00:28:25]} {[%emt 00:07:37]} 17. Be1 {[%clk 00:54:56]}
{[%emt 00:07:55]} Bb7 {[%clk 00:22:15]} {[%emt 00:06:41]} 18. Bh4 {[%clk
00:50:23]} {[%emt 00:05:03]} Bxe5 {[%clk 00:19:50]} {[%emt 00:02:55]} 19. fxe5
{[%clk 00:50:19]} {[%emt 00:00:34]} Nd5 {[%clk 00:18:39]} {[%emt 00:01:41]} 20.
Qh5 {[%clk 00:31:20]} {[%emt 00:19:29]} g6 {[%clk 00:14:41]} {[%emt 00:04:28]}
21. Qh6 {[%clk 00:30:42]} {[%emt 00:01:07]} Qc6 {[%clk 00:14:07]} {[%emt
00:01:05]} 22. Rxf7 {[%clk 00:28:44]} {[%emt 00:02:28]} 1-0

[Event "DEM U12 2023"]
[Site "Willingen GER"]
[Date "2023.05.30"]
[Round "4"]
[White "Dodul, Arthur"]
[Black "Rodriguez Klasen, Ennio"]
[Result "0-1"]
[Termination "normal"]
[Board "13"]
[WhiteElo "1613"]
[BlackElo "1526"]
[WhiteClock "00:03:39"]
[BlackClock "00:07:39"]
[PlyCount "84"]
[WhiteFideId "34609016"]
[BlackFideId "16277414"]
[EventCountry "GER"]
[EventRounds "9"]
[EventType "swiss"]
[EventDate "2023.05.27"]

1. e4 {[%clk 01:30:54]} {[%emt 00:00:06]} c5 {[%clk 01:30:55]} {[%emt
00:00:07]} 2. Nf3 {[%clk 01:30:27]} {[%emt 00:00:55]} e6 {[%clk 01:31:12]}
{[%emt 00:00:13]} 3. d4 {[%clk 01:27:45]} {[%emt 00:03:11]} cxd4 {[%clk
01:29:59]} {[%emt 00:01:43]} 4. Nxd4 {[%clk 01:28:06]} {[%emt 00:00:09]} Nf6
{[%clk 01:30:21]} {[%emt 00:00:08]} 5. Nc3 {[%clk 01:27:10]} {[%emt 00:01:26]}
Nc6 {[%clk 01:30:30]} {[%emt 00:00:21]} 6. Be3 {[%clk 01:25:52]} {[%emt
00:01:47]} Bb4 {[%clk 01:28:04]} {[%emt 00:02:57]} 7. f3 {[%clk 01:22:23]}
{[%emt 00:03:57]} d5 {[%clk 01:25:49]} {[%emt 00:02:46]} 8. exd5 {[%clk
01:03:39]} {[%emt 00:19:15]} Nxd5 {[%clk 01:23:57]} {[%emt 00:02:22]} 9. Nxc6
{[%clk 01:00:11]} {[%emt 00:03:59]} bxc6 {[%clk 01:24:16]} {[%emt 00:00:11]}
10. Bd2 {[%clk 00:59:23]} {[%emt 00:01:15]} Qh4+ {[%clk 01:10:56]} {[%emt
00:13:53]} 11. g3 {[%clk 00:58:38]} {[%emt 00:01:14]} Qf6 {[%clk 01:07:34]}
{[%emt 00:03:52]} 12. Nxd5 {[%clk 00:46:26]} {[%emt 00:12:42]} Bxd2+ {[%clk
01:06:16]} {[%emt 00:01:48]} 13. Qxd2 {[%clk 00:46:44]} {[%emt 00:00:11]} cxd5
{[%clk 01:02:39]} {[%emt 00:04:08]} 14. Bb5+ {[%clk 00:47:01]} {[%emt
00:00:11]} Bd7 {[%clk 01:03:06]} {[%emt 00:00:05]} 15. Bxd7+ {[%clk 00:47:20]}
{[%emt 00:00:11]} Kxd7 {[%clk 01:03:30]} {[%emt 00:00:06]} 16. O-O {[%clk
00:47:02]} {[%emt 00:00:47]} Rhd8 {[%emt 00:10:44]} 17. c4 {[%clk 00:38:57]}
Ke8 {[%clk 01:01:24]} {[%emt 00:00:57]} 18. c5 {[%clk 00:39:14]} {[%emt
00:00:12]} Rdc8 {[%clk 00:58:58]} {[%emt 00:02:58]} 19. b4 {[%clk 00:39:18]}
{[%emt 00:00:26]} a5 {[%clk 00:58:46]} {[%emt 00:00:42]} 20. Qd3 {[%clk
00:28:25]} {[%emt 00:11:21]} axb4 {[%clk 00:54:10]} {[%emt 00:05:09]} 21. Rfc1
{[%clk 00:28:20]} {[%emt 00:00:29]} Rxc5 {[%clk 00:53:53]} {[%emt 00:00:53]}
22. Qxh7 {[%clk 00:22:55]} {[%emt 00:05:54]} Rxa2 {[%clk 00:47:49]} {[%emt
00:06:33]} 23. Qg8+ {[%clk 00:20:27]} {[%emt 00:02:58]} Ke7 {[%clk 00:46:20]}
{[%emt 00:01:59]} 24. Rxa2 {[%clk 00:20:15]} {[%emt 00:00:42]} Rxc1+ {[%clk
00:42:06]} {[%emt 00:04:43]} 25. Kg2 {[%clk 00:20:43]} {[%emt 00:00:03]} Qd4
{[%clk 00:26:14]} {[%emt 00:16:23]} 26. Qa8 {[%clk 00:16:36]} {[%emt 00:04:37]}
Rc7 {[%clk 00:23:34]} {[%emt 00:03:10]} 27. Qb8 {[%clk 00:13:45]} {[%emt
00:03:21]} Qc3 {[%clk 00:20:05]} {[%emt 00:03:58]} 28. g4 {[%clk 00:11:27]}
{[%emt 00:02:48]} b3 {[%clk 00:13:29]} {[%emt 00:07:07]} 29. Ra8 {[%clk
00:11:17]} {[%emt 00:00:40]} Kf6 {[%clk 00:11:11]} {[%emt 00:02:47]} 30. Qd8+
{[%clk 00:11:15]} {[%emt 00:00:32]} Kg6 {[%clk 00:11:34]} {[%emt 00:00:08]} 31.
h4 {[%clk 00:08:39]} {[%emt 00:03:05]} Qe5 {[%clk 00:07:09]} {[%emt 00:04:56]}
32. h5+ {[%clk 00:05:55]} {[%emt 00:03:14]} Kh6 {[%clk 00:07:32]} {[%emt
00:00:07]} 33. Qh8+ {[%clk 00:06:07]} {[%emt 00:00:18]} Kg5 {[%clk 00:07:48]}
{[%emt 00:00:14]} 34. Qd8+ {[%clk 00:06:35]} {[%emt 00:00:02]} f6 {[%clk
00:08:06]} {[%emt 00:00:13]} 35. Rc8 {[%clk 00:03:38]} {[%emt 00:03:27]} Qe2+
{[%clk 00:07:17]} {[%emt 00:01:19]} 36. Kg3 {[%clk 00:04:01]} {[%emt 00:00:06]}
Qe1+ {[%clk 00:07:11]} {[%emt 00:00:37]} 37. Kh3 {[%clk 00:03:45]} {[%emt
00:00:46]} Rxc8 {[%clk 00:06:57]} {[%emt 00:00:44]} 38. Qxc8 {[%clk 00:04:09]}
{[%emt 00:00:06]} b2 {[%clk 00:06:25]} {[%emt 00:01:02]} 39. Qb8 {[%clk
00:04:31]} {[%emt 00:00:07]} b1=Q {[%emt 00:00:50]} 40. Qg3 {[%clk 00:02:54]}
{[%emt 00:01:38]} Qh1+ {[%clk 00:06:54]} {[%emt 00:00:10]} 41. Qh2 {[%clk
00:03:15]} {[%emt 00:00:09]} Qbf1+ {[%clk 00:07:17]} {[%emt 00:00:07]} 42. Kg3
{[%clk 00:03:39]} {[%emt 00:00:05]} Qhxf3# {[%clk 00:07:39]} {[%emt 00:00:10]}
0-1

[Event "DEM U12 2023"]
[Site "Willingen GER"]
[Date "2023.05.30"]
[Round "4"]
[White "Junge, Mattheo Gabriel"]
[Black "Schmitz, Constantin"]
[Result "1-0"]
[Termination "normal"]
[Board "14"]
[WhiteElo "1302"]
[BlackElo "1577"]
[WhiteClock "00:32:25"]
[BlackClock "00:17:13"]
[PlyCount "97"]
[WhiteFideId "34605908"]
[BlackFideId "16274660"]
[EventCountry "GER"]
[EventRounds "9"]
[EventType "swiss"]
[EventDate "2023.05.27"]

1. e4 {[%clk 01:30:55]} {[%emt 00:00:06]} c5 {[%clk 01:30:52]} {[%emt
00:00:07]} 2. b3 {[%clk 01:31:15]} {[%emt 00:00:10]} Nc6 {[%clk 01:30:54]}
{[%emt 00:00:29]} 3. Bb2 {[%clk 01:31:36]} {[%emt 00:00:09]} d6 {[%clk
01:30:19]} {[%emt 00:01:05]} 4. Bb5 {[%clk 01:31:42]} {[%emt 00:00:23]} Bd7
{[%clk 01:30:27]} {[%emt 00:00:23]} 5. f4 {[%clk 01:29:14]} {[%emt 00:02:57]}
e5 {[%clk 01:25:52]} {[%emt 00:05:06]} 6. Nf3 {[%clk 01:27:31]} {[%emt
00:02:12]} exf4 {[%clk 01:25:16]} {[%emt 00:01:07]} 7. O-O {[%clk 01:26:58]}
{[%emt 00:01:02]} Nf6 {[%clk 01:24:10]} {[%emt 00:01:37]} 8. Nc3 {[%clk
01:25:13]} {[%emt 00:02:15]} Be7 {[%clk 01:20:06]} {[%emt 00:04:34]} 9. d3
{[%clk 01:23:18]} {[%emt 00:02:23]} O-O {[%clk 01:17:22]} {[%emt 00:03:15]} 10.
Qd2 {[%clk 01:18:59]} {[%emt 00:04:49]} a6 {[%clk 01:11:38]} {[%emt 00:06:16]}
11. Bxc6 {[%clk 01:19:12]} {[%emt 00:00:15]} Bxc6 {[%clk 01:12:01]} {[%emt
00:00:06]} 12. Qxf4 {[%clk 01:16:45]} {[%emt 00:02:57]} b5 {[%clk 01:10:17]}
{[%emt 00:02:14]} 13. Rae1 {[%clk 01:09:05]} {[%emt 00:08:10]} Nd7 {[%clk
01:03:53]} {[%emt 00:06:55]} 14. Ne2 {[%clk 00:59:25]} {[%emt 00:10:10]} Bf6
{[%clk 01:01:55]} {[%emt 00:02:28]} 15. Bxf6 {[%clk 00:59:16]} {[%emt
00:00:39]} Nxf6 {[%clk 01:00:17]} {[%emt 00:02:06]} 16. Ng3 {[%clk 00:59:16]}
{[%emt 00:00:30]} g6 {[%clk 00:54:40]} {[%emt 00:06:09]} 17. Ng5 {[%clk
00:59:12]} {[%emt 00:00:32]} Kg7 {[%clk 00:54:19]} {[%emt 00:00:53]} 18. Qxf6+
{[%clk 00:48:00]} {[%emt 00:11:40]} Qxf6 {[%clk 00:53:16]} {[%emt 00:01:35]}
19. Rxf6 {[%clk 00:48:24]} {[%emt 00:00:06]} Kxf6 {[%clk 00:53:39]} {[%emt
00:00:07]} 20. Nxh7+ {[%clk 00:48:49]} {[%emt 00:00:04]} Kg7 {[%clk 00:54:08]}
{[%emt 00:00:02]} 21. Nxf8 {[%clk 00:49:03]} {[%emt 00:00:16]} Rxf8 {[%clk
00:54:33]} {[%emt 00:00:05]} 22. Kf2 {[%clk 00:48:07]} {[%emt 00:01:24]} Kf6
{[%clk 00:54:46]} {[%emt 00:00:19]} 23. Ke3 {[%clk 00:48:13]} {[%emt 00:00:24]}
Ke5 {[%clk 00:54:47]} {[%emt 00:00:28]} 24. c3 {[%clk 00:47:39]} {[%emt
00:01:04]} d5 {[%clk 00:53:38]} {[%emt 00:01:41]} 25. d4+ {[%clk 00:46:39]}
{[%emt 00:01:29]} cxd4+ {[%clk 00:52:17]} {[%emt 00:01:52]} 26. cxd4+ {[%clk
00:47:03]} {[%emt 00:00:06]} Ke6 {[%clk 00:52:38]} {[%emt 00:00:09]} 27. Rc1
{[%clk 00:47:03]} {[%emt 00:00:29]} Kd7 {[%clk 00:52:32]} {[%emt 00:00:36]} 28.
Kf4 {[%clk 00:44:19]} {[%emt 00:03:13]} dxe4 {[%clk 00:50:03]} {[%emt
00:03:01]} 29. Rc5 {[%clk 00:42:54]} {[%emt 00:01:54]} f5 {[%clk 00:48:33]}
{[%emt 00:02:00]} 30. h4 {[%clk 00:42:37]} {[%emt 00:00:46]} e3 {[%clk
00:45:29]} {[%emt 00:03:35]} 31. Re5 {[%clk 00:42:12]} {[%emt 00:00:54]} Bxg2
{[%clk 00:38:59]} {[%emt 00:07:02]} 32. Rxe3 {[%clk 00:40:29]} {[%emt
00:02:12]} Bh3 {[%clk 00:36:25]} {[%emt 00:03:05]} 33. Re1 {[%clk 00:35:56]}
{[%emt 00:05:03]} Kd6 {[%clk 00:30:48]} {[%emt 00:06:08]} 34. Kg5 {[%clk
00:31:55]} {[%emt 00:04:30]} Kd5 {[%clk 00:25:48]} {[%emt 00:05:30]} 35. Ne2
{[%clk 00:30:38]} {[%emt 00:01:46]} Bg4 {[%clk 00:20:49]} {[%emt 00:05:30]} 36.
Nf4+ {[%clk 00:30:40]} {[%emt 00:00:28]} Kc6 {[%clk 00:17:23]} {[%emt
00:03:56]} 37. d5+ {[%clk 00:30:40]} {[%emt 00:00:29]} Kd7 {[%clk 00:17:24]}
{[%emt 00:00:30]} 38. Re6 {[%clk 00:30:13]} {[%emt 00:00:54]} a5 {[%clk
00:15:00]} {[%emt 00:02:57]} 39. Rxg6 {[%clk 00:29:58]} {[%emt 00:00:44]} Rh8
{[%clk 00:15:07]} {[%emt 00:00:24]} 40. h5 {[%clk 00:30:08]} {[%emt 00:00:20]}
a4 {[%clk 00:15:14]} {[%emt 00:00:24]} 41. h6 {[%clk 00:30:21]} {[%emt
00:00:16]} Ke7 {[%clk 00:15:27]} {[%emt 00:00:17]} 42. Rg7+ {[%clk 00:30:36]}
{[%emt 00:00:13]} Kf8 {[%clk 00:15:50]} {[%emt 00:00:08]} 43. Ng6+ {[%clk
00:31:02]} {[%emt 00:00:05]} Ke8 {[%clk 00:16:08]} {[%emt 00:00:12]} 44. Nxh8
{[%clk 00:31:24]} {[%emt 00:00:07]} axb3 {[%clk 00:16:35]} {[%emt 00:00:03]}
45. axb3 {[%clk 00:31:42]} {[%emt 00:00:13]} b4 {[%clk 00:17:00]} {[%emt
00:00:05]} 46. h7 {[%clk 00:32:03]} {[%emt 00:00:08]} Kf8 {[%clk 00:17:05]}
{[%emt 00:00:25]} 47. Ng6+ {[%clk 00:32:13]} {[%emt 00:00:20]} Kxg7 {[%clk
00:17:12]} {[%emt 00:00:23]} 48. h8=Q+ {[%clk 00:32:37]} {[%emt 00:00:06]} Kf7
{[%clk 00:17:13]} {[%emt 00:00:30]} 49. Qf8# {[%clk 00:32:25]} {[%emt
00:00:04]} 1-0

[Event "DEM U12 2023"]
[Site "Willingen GER"]
[Date "2023.05.30"]
[Round "4"]
[White "Deiringer, Julius"]
[Black "Wang, Kaiwen"]
[Result "1-0"]
[Termination "normal"]
[Board "15"]
[WhiteElo "1742"]
[BlackElo "1333"]
[WhiteClock "00:49:48"]
[BlackClock "01:21:34"]
[PlyCount "99"]
[WhiteFideId "16267010"]
[BlackFideId "16279514"]
[EventCountry "GER"]
[EventRounds "9"]
[EventType "swiss"]
[EventDate "2023.05.27"]

1. e4 {[%clk 01:30:58]} {[%emt 00:00:02]} e5 {[%clk 01:30:55]} {[%emt
00:00:06]} 2. Nf3 {[%clk 01:31:24]} {[%emt 00:00:06]} Nc6 {[%clk 01:31:19]}
{[%emt 00:00:03]} 3. Bb5 {[%clk 01:31:50]} {[%emt 00:00:04]} Nf6 {[%clk
01:31:44]} {[%emt 00:00:06]} 4. d3 {[%clk 01:32:16]} {[%emt 00:00:04]} d6
{[%clk 01:32:00]} {[%emt 00:00:14]} 5. c3 {[%clk 01:32:41]} {[%emt 00:00:05]}
Be7 {[%clk 01:32:24]} {[%emt 00:00:06]} 6. O-O {[%clk 01:32:53]} {[%emt
00:00:18]} O-O {[%clk 01:32:46]} {[%emt 00:00:09]} 7. Re1 {[%clk 01:32:45]}
{[%emt 00:00:38]} a6 {[%clk 01:33:08]} {[%emt 00:00:09]} 8. Ba4 {[%clk
01:32:41]} {[%emt 00:00:33]} b5 {[%clk 01:33:28]} {[%emt 00:00:10]} 9. Bc2
{[%clk 01:33:07]} {[%emt 00:00:04]} Bb7 {[%clk 01:33:53]} {[%emt 00:00:05]} 10.
Nbd2 {[%clk 01:32:22]} {[%emt 00:01:14]} Qd7 {[%clk 01:32:12]} {[%emt
00:02:12]} 11. Nf1 {[%clk 01:31:25]} {[%emt 00:01:27]} d5 {[%clk 01:32:08]}
{[%emt 00:00:34]} 12. exd5 {[%clk 01:15:14]} {[%emt 00:16:41]} Qxd5 {[%clk
01:32:29]} {[%emt 00:00:09]} 13. Bb3 {[%clk 01:14:13]} {[%emt 00:01:31]} Qd6
{[%clk 01:32:08]} {[%emt 00:00:50]} 14. Ng3 {[%clk 01:13:05]} {[%emt 00:01:39]}
Rae8 {[%clk 01:28:10]} {[%emt 00:04:26]} 15. Bg5 {[%clk 01:05:15]} {[%emt
00:08:22]} h6 {[%clk 01:27:32]} {[%emt 00:01:08]} 16. Nf5 {[%clk 00:59:57]}
{[%emt 00:05:48]} Qc5 {[%clk 01:26:17]} {[%emt 00:01:44]} 17. Be3 {[%clk
00:59:21]} {[%emt 00:01:07]} Nd4 {[%clk 01:25:36]} {[%emt 00:01:11]} 18. cxd4
{[%clk 00:59:15]} {[%emt 00:00:36]} Bxf3 {[%clk 01:25:01]} {[%emt 00:01:05]}
19. dxc5 {[%clk 00:58:02]} {[%emt 00:01:42]} Bxd1 {[%clk 01:25:25]} {[%emt
00:00:06]} 20. Nxe7+ {[%clk 00:58:00]} {[%emt 00:00:32]} Rxe7 {[%clk 01:25:46]}
{[%emt 00:00:09]} 21. Raxd1 {[%clk 00:58:22]} {[%emt 00:00:07]} c6 {[%clk
01:25:42]} {[%emt 00:00:35]} 22. f3 {[%clk 00:57:53]} {[%emt 00:00:59]} Rd8
{[%clk 01:25:27]} {[%emt 00:00:44]} 23. Rd2 {[%clk 00:57:16]} {[%emt 00:01:07]}
Red7 {[%clk 01:24:49]} {[%emt 00:01:08]} 24. Red1 {[%clk 00:57:23]} {[%emt
00:00:22]} a5 {[%clk 01:24:10]} {[%emt 00:01:10]} 25. a4 {[%clk 00:55:56]}
{[%emt 00:01:56]} bxa4 {[%clk 01:23:44]} {[%emt 00:00:56]} 26. Bxa4 {[%clk
00:56:20]} {[%emt 00:00:06]} Nd5 {[%clk 01:24:08]} {[%emt 00:00:07]} 27. Bf2
{[%clk 00:55:02]} {[%emt 00:01:48]} Nb4 {[%clk 01:23:59]} {[%emt 00:00:38]} 28.
d4 {[%clk 00:52:32]} {[%emt 00:03:01]} Rd5 {[%clk 01:23:34]} {[%emt 00:00:55]}
29. Bb3 {[%clk 00:51:57]} {[%emt 00:01:05]} R5d7 {[%clk 01:23:35]} {[%emt
00:00:29]} 30. Be3 {[%clk 00:50:44]} {[%emt 00:01:43]} Rb8 {[%clk 01:16:00]}
{[%emt 00:08:05]} 31. dxe5 {[%clk 00:48:22]} {[%emt 00:02:52]} Rxd2 {[%clk
01:16:09]} {[%emt 00:00:21]} 32. Rxd2 {[%clk 00:48:35]} {[%emt 00:00:16]} Re8
{[%clk 01:16:35]} {[%emt 00:00:05]} 33. Bf4 {[%clk 00:47:36]} {[%emt 00:01:29]}
g5 {[%clk 01:16:39]} {[%emt 00:00:26]} 34. Bg3 {[%clk 00:47:59]} {[%emt
00:00:06]} h5 {[%clk 01:17:02]} {[%emt 00:00:08]} 35. Rd7 {[%clk 00:47:38]}
{[%emt 00:00:51]} Kh8 {[%clk 01:16:48]} {[%emt 00:00:44]} 36. Bxf7 {[%clk
00:46:50]} {[%emt 00:01:19]} Rb8 {[%clk 01:16:54]} {[%emt 00:00:24]} 37. e6
{[%clk 00:46:24]} {[%emt 00:00:55]} Nd5 {[%clk 01:17:17]} {[%emt 00:00:07]} 38.
Bxb8 {[%clk 00:46:27]} {[%emt 00:00:27]} Kg7 {[%clk 01:17:28]} {[%emt
00:00:20]} 39. Bxh5+ {[%clk 00:46:41]} {[%emt 00:00:16]} Kf6 {[%clk 01:17:45]}
{[%emt 00:00:14]} 40. Rxd5 {[%clk 00:46:47]} {[%emt 00:00:24]} cxd5 {[%clk
01:18:07]} {[%emt 00:00:08]} 41. Bg4 {[%clk 00:47:13]} {[%emt 00:00:04]} d4
{[%clk 01:18:27]} {[%emt 00:00:10]} 42. Bd6 {[%clk 00:47:12]} {[%emt 00:00:31]}
d3 {[%clk 01:18:50]} {[%emt 00:00:08]} 43. Kf2 {[%clk 00:47:23]} {[%emt
00:00:18]} d2 {[%clk 01:19:15]} {[%emt 00:00:05]} 44. Ke2 {[%clk 00:47:48]}
{[%emt 00:00:04]} d1=Q+ {[%clk 01:19:38]} {[%emt 00:00:08]} 45. Kxd1 {[%clk
00:48:13]} {[%emt 00:00:06]} a4 {[%clk 01:20:01]} {[%emt 00:00:07]} 46. e7
{[%clk 00:48:32]} {[%emt 00:00:10]} a3 {[%clk 01:20:22]} {[%emt 00:00:09]} 47.
e8=Q {[%clk 00:48:44]} {[%emt 00:00:18]} axb2 {[%clk 01:20:49]} {[%emt
00:00:03]} 48. Qe5+ {[%clk 00:49:04]} {[%emt 00:00:10]} Kg6 {[%clk 01:21:10]}
{[%emt 00:00:09]} 49. Bf5+ {[%clk 00:49:26]} {[%emt 00:00:09]} Kh5 {[%clk
01:21:34]} {[%emt 00:00:06]} 50. Qh8# {[%clk 00:49:48]} {[%emt 00:00:06]} 1-0